Más allá de la calidad en educación infantil: perspectivas posmodernas

Saved in:
Bibliografiske detaljer
Main Authors: Dahlberg, Gunilla (Author), Moss, Peter (Author), Pence, Alan (Author)
Format: Bog
Sprog:spansk
Udgivet: Barcelona Graó 2005
Udgivelse:1a. ed
Serier:Colección Biblioteca de Infantil, 10
Fag:
Tags: Tilføj Tag
Ingen Tags, Vær først til at tagge denne postø!

MARC

LEADER 00000nam a2200000 a 4500
001 UCK6409
003 CL-VaPUC
008 050930e20050400SP |||||||||||||||||spa|d
020 |a 8478273875 
082 0 4 |a 372.21  |b DAH  |2 21 
100 0 |a Dahlberg, Gunilla  |e author  |9 495617 
700 0 |a Moss, Peter  |e author  |9 495618 
700 0 |a Pence, Alan  |e author  |9 495619 
245 1 0 |a Más allá de la calidad en educación infantil: perspectivas posmodernas 
250 |a 1a. ed 
300 |a 323 p 
942 |c BK 
945 |d 20050930 00:00:00  |a jcarroza 
260 |a Barcelona  |b Graó  |c 2005 
650 0 |a Calidad de la educación   |9 307271 
650 7 |a EDUCACION INFANTIL  |2 CL-VaPUC  |9 495620 
650 0 |a Educación preescolar  |9 260381 
650 0 |a Objetivos educativos  |9 306344 
583 |a last modification  |c 20050930 00:00:00  |k Rodrigo Vera 
490 0 |a Colección Biblioteca de Infantil, 10 
999 |c 314696  |d 314694 
952 |0 0  |1 0  |4 0  |6 372_210000000000000_DAH_2005  |7 0  |8 A  |9 387364  |a BIBEDU  |b BIBEDU  |c ES_NOD  |d 2019-11-22  |i 416766K  |o 372.21 DAH 2005  |p 416766K  |r 2023-08-09  |w 2019-11-22  |y BK  |k EBA 
952 |0 0  |1 0  |4 0  |6 372_210000000000000_DAH_2005  |7 0  |8 A  |9 387365  |a BIBEDU  |b BIBEDU  |c ES_NOD  |d 2019-11-22  |i 4480740  |o 372.21 DAH 2005  |p 4480740  |r 2023-08-09  |w 2019-11-22  |y BK  |k EBA